| 000 | 00851cab a2200277 4500 | ||
|---|---|---|---|
| 001 | WB3127-27 | ||
| 008 | 090401t1995 xxu||||| |||| 00| 0 eng d | ||
| 035 | _a(Sirsi) u28985 | ||
| 041 | _aeng | ||
| 245 | _aCopenhagen office market | ||
| 260 | _c1995 | ||
| 350 | _a0 | ||
| 490 |
_aEuropean _v7 July 1995, 29(1) |
||
| 520 | _aThe commercial property market in Copenhagen is improving. There is a trend for businesses to move back into the centre of the city from the outskirts. | ||
| 650 | _aCOPENHAGEN | ||
| 650 | _aDENMARK | ||
| 650 | _aFINLAND | ||
| 650 | _aHELSINKI | ||
| 650 | _aNORWAY | ||
| 650 | _aPROPERTY-COMMERCIAL PROPERTY-OFFICE PROPERTY-OFFICE PROPERTY MARKET | ||
| 650 | _aOSLO | ||
| 690 | _aPROPERTY-COMMERCIAL PROPERTY-COMMERCIAL PROPERTY MARKET | ||
| 690 | _aOVERSEAS-EUROPE | ||
| 942 | _n0 | ||
| 948 | _c04/03/1997 | ||
| 999 |
_c19506 _d19506 |
||